| 000 | 00748cam a22002412 4500 | ||
|---|---|---|---|
| 001 | 0000002648 | ||
| 005 | 20151217151901.0 | ||
| 008 | 070417s xx 000 0 eng d | ||
| 020 |
_a8127201545 : _cKES 935 |
||
| 040 |
_aKABU _cKABU |
||
| 050 | 0 |
_aHF5635 _b.J35 2002 |
|
| 100 | 1 |
_aJain, S. P. _@0000151880 |
|
| 245 | 1 | 0 |
_aAdvanced accountancy (complete volume) / _cS. P. Jain, K. L. Narang. |
| 250 | _a11th rev. ed. | ||
| 260 |
_aLudhiana : _bKalyani Publishers, _c2002. |
||
| 300 |
_a1018, 1171 p. ; _c25 cm. |
||
| 650 | 0 |
_aAccounting. _@0000148321 |
|
| 700 | 1 |
_aNarang K. L. _@0000151881 |
|
| 908 | _a070417 | ||
| 950 | _@1 | ||
| 999 |
_c5953 _d5953 |
||